00542nam a2200169Ia 450000500170000000800410001702000150005808200150007324500620008826000090015030000120015950000580017170000250022994200060025495200970026099900150035720250528035212.0240331s9999 xx 000 0 und d a9559102184 a303.6bAKE 0aAkeywadaya Balaya Beda Herima Ha Bhautare Prabuthwawadaya c1998 a53 p ., aA response to the Sinhala Commission's interim report aAbeysekara, C. eedt cL 001040708LaWERCLbWERCLcSSCd2024-03-31l0o 303.6 AKEp1848r2024-03-31w2024-03-31yL c1245d1245